00802nam a2200241 i 4500001001000000003000900010005001700019007000300036008004100039040003000080082001400110245003700124246005700161264005300218300002800271336002700299337003300326338002800359590002800387942001400415952011400429999001700543000047918DO-SdBNP20240404103954.0ta181004s2003 000 spa d aDO-SdBNPbspacBNPHUerda 4bG943m22200aGuía médica:bplan de salud.04aAPS, ARS:bGuia de clínicas y médicos afiliados. aSanto Domingo :bSomos Artes Grásticas,c2003. a169 páginas ;c20 cm. 2rdacontentatextobtxt 2rdamediaasin mediaciónbn 2rdacarrieravolumenbnc aInventariado, 2024 / MF 2ddccLBS1 00102ddc51708PDaBNPHUbBNPHUd2018-10-04l0oG943mp47918-10r2020-06-25w2020-06-25yLBS1ZNo se presta c47406d47406